000 00679nam a22001937a 4500
999 _c175156
_d175156
005 20200811132209.0
010 _aENG-128339
020 _c725.00
_a9789353066499
035 _aEN-111871
037 _bDBAD/PUB
082 _a658.421
100 _aBarringer, Bruce R
245 _aEntrepreneurship Successfully Launching New Ventures/
_cby Bruce R. Barringer, R.Duane Ireland
250 _a6th ed.
260 _aNew Delhi
_bPearson
_c2021
270 _a15th floor,Tower-B,Word Trade Tower,Plot no.1,Block-C sec 16,
_bNoida
_e201301
_k04466540100
_mcompanysecretary.india@pearson.com
300 _avarious pages.
_c24cm(pbk)
942 _2ddc
_cEN
_h658.421
_mBAR